| 000 | 00736nas a2200241 4500 | ||
|---|---|---|---|
| 001 | BR7900945 | ||
| 003 | BR-BrBNA | ||
| 005 | 20231205083636.0 | ||
| 007 | ta | ||
| 008 | 230509b bl.|||p| |||| 00| 00por d | ||
| 040 |
_aBR-BrBNA _bpor _cBiblioteca Nacional de Agricultura |
||
| 041 | _a(Pt) | ||
| 072 | _aK10 | ||
| 100 | 1 | _aBorges, E.E.L. | |
| 100 | 1 | _aCollon, J.L. | |
| 245 | 1 | _aPeriodos de queda de sementes de Eucalyptus grandis hibrido, na regiao de Vicosa [eucalipto, Minas Gerais] | |
| 650 | _aEUCALIPTO | ||
| 650 | _aSEMENTE | ||
| 650 | _aMINAS GERAIS | ||
| 773 | 0 |
_tRevista Arvore (Brazil) _xISSN 0100-6762 _g(Mar 1977), v. 1(1) p. 26-30 _wBR7900945 |
|
| 909 |
_a202311 _bLúcia _c55 _dLúcia Elande |
||
| 942 |
_2AGRIS _n0 _cANA |
||
| 999 |
_c100264 _d100264 |
||